000 00893nam a22002537i 4500
999 _c23078
_d23078
003 AR-CdUCM
008 240923b20232023 pe||||| |||| 00| 0 spa d
040 _aMUNICIPALIDAD PROVINCIAL DEL CUSCO
_cBIBLIOTECA MUNICIPAL DEL CUSCO
041 _hspa
082 _a622 / E78
_bE78
100 _aEscalante Solano, Esteban
_950687
245 _aMinería artesanal y de pequeña escala en Chumbivilcas :
_bUn mapeo inicial /
260 _aCusco :
_bDerechos Humanos Sin Fronteras
_c2023
300 _a131 páginas. :
_c23 cm
500 _zBibliografía: páginas 122-123
505 _aMapeo -- La minería en el escenario de Chumbivilcas -- Distritos de la provincia de Chumbivilcas
650 _aMinería
_9430
650 _aMapeo
_950616
650 _aVelille
_950617
650 _aChamaca
_950618
700 _aWeill, Caroline
_950689
942 _2ddc
_cLIBROS
945 _apbj
_d2024-09-23